拼音以E/F开头的国家 Countries pinyin starting with E/F - Statistics

General Stats
  • This quiz has been taken 57 times
  • The average score is 7 of 9
Answer Stats
字母 国家 % Correct
F 法国
93%
E 俄罗斯
88%
E 厄瓜多尔
86%
E 厄立特里亚
79%
F 佛得角
77%
F 芬兰
74%
F 菲律宾
60%
F 斐济
58%
F 梵蒂冈
53%
No matching quizzes found
Score Distribution
Percent of People with Each Score
Percentile by Number Answered
Your Score History
You have not taken this quiz